|
|
|
|
| LEADER |
01166cam a2200313 7i4500 |
| 001 |
0000006849 |
| 005 |
20180322090000.0 |
| 020 |
|
|
|a 0130414573 (international ed.)
|
| 020 |
|
|
|a 9780130406057
|
| 020 |
|
|
|a 0130406058 (hbk.)
|
| 090 |
0 |
0 |
|a HB171.5
|b .C54 2002
|
| 100 |
1 |
|
|a Case, Karl E
|
| 245 |
1 |
0 |
|a Principles of economics
|c Karl E. Case, Ray C. Fair.
|
| 250 |
|
|
|a 6th ed.
|
| 260 |
|
|
|a Upper Saddle River:
|b Prentice Hal,
|c 2002.
|
| 300 |
|
|
|a xxxvi, 743 p.:
|b ill.;
|c 28 cm..
|
| 490 |
0 |
|
|a Prentice Hall series in economics
|
| 501 |
|
|
|a With CD-ROM : Principles of economic / Karl E. Case, Ray C. Fair
|
| 650 |
0 |
0 |
|a Economics
|
| 700 |
1 |
|
|a Fair, Ray C
|
| 997 |
|
|
|a Business & Accountancy, Faculty
|
| 998 |
|
|
|a Business Management, Diploma
|
| 998 |
|
|
|a Administration Management, Diploma
|
| 998 |
|
|
|a Business Management, Degree
|
| 999 |
|
|
|a 0000003615
|b BOK
|c OPEN SHELF
|e 1st Floor, Shah Alam
|
| 999 |
|
|
|a 0000003616
|b BOK
|c OPEN SHELF
|e 1st Floor, Shah Alam
|
| 999 |
|
|
|a 0000003617
|b BOK
|c OPEN SHELF
|e 1st Floor, Shah Alam
|
| 999 |
|
|
|a 0000004272
|b BOK
|c OPEN SHELF
|e 1st Floor, Shah Alam
|
| 999 |
|
|
|a 0000061553
|b BOK
|c OPEN SHELF
|e 1st Floor, Shah Alam
|